Твоето тяло е твое (Запис номер 523855)
[ съкратено ]
| 000 -Лидер | |
|---|---|
| Лидер | 01121nam a2200289 a 4500 |
| 003 - Код на организацията, давaща контролен номер | |
| Код на организацията, даваща контролен номер | BLK |
| 005 - Дата и час на последна редакция | |
| Дата и час на последна редакция | 20250709094403.0 |
| 008 - Елементи от данни с фиксирана дължина | |
| Елементи с фиксирана дължина | 241217b bu |||||r|||| 00| | bu d |
| 020 ## - Международен стандартен номер на книга ISBN | |
| ISBN | 9786197241747 |
| 040 ## - Източник на каталожния запис | |
| Код на библиотеката | BLK |
| 041 ## - Код за език | |
| Език | Български |
| Език за КДБФ | Български |
| 080 ## - УДК | |
| УДК текст | Физиология |
| УДК код | 612 |
| УДК – определител | :087.5 |
| УДК – код + определител | 612:087.5 |
| 9 (RLIN) | 240415 |
| 084 ## - Класификационен индекс по друга класификация | |
| Авторски знак | Сер - С 34 |
| 100 ## - Редна дума - Автор | |
| R(LIN) | 496472 |
| Автор | Серано, Лусия |
| 245 ## - Сведения за заглавието | |
| Заглавие | Твоето тяло е твое |
| Авторска отговорност | Лусия Серано ; ил. Лусия Серано ; прев. Елица Попова |
| 260 ## - Област на издателските данни | |
| 9 (RLIN) | 401592 |
| Място на издаване | София |
| Име на издателя | Мармот |
| Година на издаване | 2024 |
| Печатница | София : Спектър |
| 300 ## - Физическа характеристика | |
| Брой страници | 35 с. |
| Илюстрации | с портр., цв. ил. |
| Размер | 28 см |
| 380 ## - Жанр | |
| Жанр | Детска отраслова лит. |
| 500 ## - Общи забележки | |
| Обща забележка | Ориг. загл.: Tu cuerpo tuyo / Lucía Serrano. - За авт., прев.: с. 35 |
| 700 ## - Други автори (авторска отговорност) | |
| Друг автор | Попова, Елица Емилова |
| 9 (RLIN) | 496459 |
| 852 ## - Местоположение | |
| Сигнатура (форматна) | Цб ІІ 33484 |
| Отдел | Хранилище |
| 852 ## - Местоположение | |
| Отдел | Детски отдел |
| Систематично-азбучна сигнатура | ДН 61/С 34 Л |
| 942 ## - АРТИКУЛИ | |
| Вид на библиотечния документ | Книги |
| Скрит в OPAC | Не |
| Периодичен библиозапис | Да |
| Koha issues (borrowed), all copies | 14 |
| 944 ## - СЪЗДАВАНЕ И РЕДАКЦИЯ на ЗАПИСА | |
| Дата на регистрацията/редакция | Геновева Генчева |
| Служител, извършил регистрацията/редакцията | 30537 |
| Номер на служител | Грета Цуфелде |
| 944 ## - СЪЗДАВАНЕ И РЕДАКЦИЯ на ЗАПИСА | |
| Създаване/Редакция | Редакция |
| Дата на регистрацията/редакция | 2025-01-15 |
| Служител, извършил регистрацията/редакцията | М.Я. |
| 999 ## - СИСТЕМНИ КОНТРОЛНИ НОМЕРА | |
| Koha biblionumber | 523855 |
| Koha biblioitemnumber | 523855 |
| Код за отписване | Код за изгубен артикул | Източник на класификационната схема | Код за повреда | Коз за рестрикции | Код за отдаване | Артикулен № | Име на библиотеката - собственик | Име на библиотеката, в която се намира в момента | Статус (Текущо местоположение) | Дата на вписване в системата | Местоположение - отдел | Цена в лева | Инвентарен номер | Систематично азбучна сигнатура | Баркод | Цена в евро | Служебен тип на артикула |
|---|---|---|---|---|---|---|---|---|---|---|---|---|---|---|---|---|---|
| Не е изгубен | Universal Decimal Classification | Не е повреден | само за читалня | ползва се в читалня | 956911 | Регионална библиотека "Любен Каравелов" Русе | Регионална библиотека "Любен Каравелов" Русе | Хранилище | 2025-01-03 | Хранилище | 22.00 | 120000915851 | Цб ІІ 33484 | 120000915851 | 11.25 | Книги | |
| Не е изгубен | Universal Decimal Classification | Не е повреден | заемане за дома | 958347 | Регионална библиотека "Любен Каравелов" Русе | Регионална библиотека "Любен Каравелов" Русе | Детски отдел | 2025-01-15 | Детски отдел | 14.30 | 120000916923 | ДН 61/С 34 Л | 120000916923 | 7.31 | Книги | ||
| Не е изгубен | Universal Decimal Classification | Не е повреден | заемане за дома | 958348 | Регионална библиотека "Любен Каравелов" Русе | Регионална библиотека "Любен Каравелов" Русе | Детски отдел | 2025-01-15 | Детски отдел | 14.30 | 120000916921 | ДН 61/С 34 Л | 120000916921 | 7.31 | Книги | ||
| Не е изгубен | Universal Decimal Classification | Не е повреден | заемане за дома | 958349 | Регионална библиотека "Любен Каравелов" Русе | Регионална библиотека "Любен Каравелов" Русе | Детски отдел | 2025-01-15 | Детски отдел | 14.30 | 120000916922 | ДН 61/С 34 Л | 120000916922 | 7.31 | Книги |